Southville International School and Colleges
Your cart is empty.
  • Cart
  • Lists
    Public lists Eva Luna New books Lux_list list_1
    Your lists Log in to create your own lists
  • Log in to your account
  • Your cookies
  • Search history
Southville International School and Colleges
  • Advanced search
  • Recent comments
  • Most popular
  • Libraries

Log in to your account

Log in with GOOGLE


If you do not have an external account, but do have a local account, you can still log in:

  1. Home
  2. MARC view: Java programming /
Normal view MARC view ISBD view

Java programming / (Record no. 363078)

[ view plain ]
MARC details
000 -LEADER
fixed length control field 00620nam a2200241Ia 4500
008 - FIXED-LENGTH DATA ELEMENTS--GENERAL INFORMATION
fixed length control field 191119s9999 xx 000 0 und d
020 ## - INTERNATIONAL STANDARD BOOK NUMBER
International Standard Book Number 978-981-48-3943-3
050 ## - LIBRARY OF CONGRESS CALL NUMBER
Classification number ComSc QA 76.73
050 ## - LIBRARY OF CONGRESS CALL NUMBER
Item number .J38F37 2019
100 ## - MAIN ENTRY--PERSONAL NAME
Personal name Farrel, Joyce.
245 #0 - TITLE STATEMENT
Title Java programming /
245 #0 - TITLE STATEMENT
Statement of responsibility, etc Joyce Farrell.
250 ## - EDITION STATEMENT
Edition statement 8th Edition
260 ## - PUBLICATION, DISTRIBUTION, ETC. (IMPRINT)
Place of publication, distribution, etc Singapore :
260 ## - PUBLICATION, DISTRIBUTION, ETC. (IMPRINT)
Name of publisher, distributor, etc Cengage Learning Asia,
260 ## - PUBLICATION, DISTRIBUTION, ETC. (IMPRINT)
Date of publication, distribution, etc 2019
300 ## - PHYSICAL DESCRIPTION
Extent 994 pages :
300 ## - PHYSICAL DESCRIPTION
Other physical details illustrations ;
300 ## - PHYSICAL DESCRIPTION
Dimensions 23 cm.
500 ## - GENERAL NOTE
General note Includes index.
650 ## - SUBJECT ADDED ENTRY--TOPICAL TERM
Topical term or geographic name as entry element Java (Computer program language).
650 ## - SUBJECT ADDED ENTRY--TOPICAL TERM
General subdivision Computer programming.
Holdings
Withdrawn status Lost status Damaged status Home library Current library Shelving location Date acquired Cost, normal purchase price Total Checkouts Full call number Barcode Date last seen Price effective from Koha item type
      South Mansfield College South Mansfield College   07/30/2019 718.20   ComSc QA 76.73 .J38F37 2019 SMC06213 06/01/2020 06/01/2020 Books

Java programming /

APA

Farrel J., .Java programming. Singapore: .

Chicago

Farrel Joyce, .Java programming. Singapore: .

Harvard

Farrel J., .Java programming. Singapore: .

MLA

Farrel Joyce, .Singapore: . .

  • Place hold
  • Print
  • Cite
  • Add to your cart (remove)
  • Save record
    BIBTEX Dublin Core MARCXML MARC (non-Unicode/MARC-8) MARC (Unicode/UTF-8) MARC (Unicode/UTF-8, Standard) MODS (XML) RIS
  • More searches
    Search for this title in:
    Other Libraries (WorldCat) Other Databases (Google Scholar) Online Stores (Bookfinder.com) Open Library (openlibrary.org)

Exporting to Dublin Core...

SOUTHVILLE LIBRARY

Southville International School and Colleges Library

1281 Tropical Ave. Cor. Luxembourg St., BF Homes International, Las Pinas City

Tel. No. 8256374 / 252358 Loc. 117/146

Powered by Koha